Statistics for List of Emo Bands

Click here to take the quiz!

General Stats

  • This quiz has been taken 250 times
  • The average score is 23 of 300

Answer Stats

Band% Correct
My Chemical Romance
90%
Fall Out Boy
75%
Panic! at the Disco
73%
Paramore
69%
Pierce the Veil
64%
All Time Low
50%
Bring Me the Horizon
50%
Sleeping with Sirens
49%
Black Veil Brides
47%
Falling in Reverse
44%
Taking Back Sunday
38%
The All American Rejects
38%
The Used
37%
Jimmy Eat World
36%
Sum 41
34%
A Day to Remember
31%
Escape the Fate
31%
Good Charlotte
31%
Twenty One Pilots
31%
Simple Plan
30%
Yellowcard
29%
Hawthorne Heights
28%
Mayday Parade
27%
Thirty Seconds to Mars
27%
The Red Jumpsuit Apparatus
26%
AFI
25%
American Football
25%
Asking Alexandria
25%
Boys Like Girls
24%
Bullet for My Valentine
24%
Silverstein
24%
We the Kings
24%
Weezer
23%
Dashboard Confessional
21%
Sunny Day Real Estate
21%
Brand New
20%
Death Cab for Cutie
20%
Motionless in White
20%
New Found Glory
20%
From First to Last
17%
Get Scared
17%
Senses Fail
17%
Thursday
17%
Underoath
17%
Cute Is What We Aim For
16%
Flyleaf
16%
You Me at Six
15%
Of Mice & Men
14%
Rites of Spring
14%
Story of the Year
14%
Attack! Attack!
13%
Coheed & Cambria
13%
Forever the Sickest Kids
13%
Funeral for a Friend
13%
Metro Station
13%
The Academy Is…
13%
Modern Baseball
12%
Motion City Soundtrack
12%
Saosin
12%
The Get Up Kids
12%
Cap n’ Jazz
11%
Dance Gavin Dance
11%
The Maine
11%
Alexisonfire
10%
Armor for Sleep
10%
Bayside
10%
Blessthefall
10%
Cobra Starship
10%
Finch
10%
La Dispute
10%
Never Shout Never
10%
Saves the Day
10%
Say Anything
10%
Scary Kids Scaring Kids
10%
Thrice
10%
Alesana
9%
Alkaline Trio
9%
Anberlin
9%
Chiodos
9%
Jawbreaker
9%
Plain White T’s
9%
The Cab
9%
We Came as Romans
9%
Aiden
8%
At The Drive-In
8%
Cartel
8%
Matchbook Romance
8%
Mineral
8%
Relient K
8%
The Ataris
8%
The Promise Ring
8%
The Starting Line
8%
Crown the Empire
7%
Lostprophets
7%
Something Corporate
7%
Bright Eyes
6%
Emery
6%
Hellogoodbye
6%
Jack’s Mannequin
6%
Mom Jeans
6%
Texas is the Reason
6%
A Skylit Drive
5%
Braid
5%
Embrace
5%
Empire! Empire! (I Was a Lonely Estate)
5%
Eyes Set to Kill
5%
MewithoutYou
5%
Real Friends
5%
Secondhand Serenade
5%
Sorority Noise
5%
The Amity Affliction
5%
The Audition
5%
The Early November
5%
The Fray
5%
Title Fight
5%
Tokio Hotel
5%
Drive Like Jehu
4%
Every Avenue
4%
Further Seems Forever
4%
Hey Monday
4%
I Set My Friends On Fire
4%
Saetia
4%
Abandon All Ships
3%
Acceptance
3%
Boys Night Out
3%
Christie Front Drive
3%
Cursive
3%
Destroy Rebuild Until God Shows
3%
Foxing
3%
From Autumn to Ashes
3%
Halifax
3%
Indian Summer
3%
Jets to Brazil
3%
Joan of Arc
3%
Joyce Manor
3%
Midtown
3%
Our Last Night
3%
Pg. 99
3%
Rainer Maria
3%
The Almost
3%
The Brave Little Abacus
3%
The Hotelier
3%
The Summer Set
3%
The Wonder Years
3%
The World Is a Beautiful Place & I Am No Longer Afraid to Die
3%
Touché Amoré
3%
Ace Troubleshooter
2%
Amber Pacific
2%
And Then There Were None
2%
Beefeater
2%
Before Their Eyes
2%
Beloved
2%
Dads
2%
Dag Nasty
2%
Dayshell
2%
Dead Poetic
2%
Elliott
2%
Emanuel
2%
Family Force 5
2%
Far
2%
Fightstar
2%
Gray Matter
2%
Haste the Day
2%
I Am Ghost
2%
I Hate Myself
2%
Into It. Over it.
2%
Knapsack
2%
Leathermouth
2%
Mae
2%
Moneen
2%
Moose Blood
2%
Moss Icon
2%
One Ok Rock
2%
Orchid
2%
Punchline
2%
The Anniversary
2%
The Appleseed Cast
2%
The Ready Set
2%
There for Tomorrow
2%
The Spill Canvas
2%
Vampires Everywhere!
2%
A Great Big Pile of Leaves
1%
As Cities Burn
1%
A Static Lullaby
1%
Avion Roe
1%
Benton Falls
1%
Boston Manor
1%
Burning Airlines
1%
Can’t Swim
1%
Capital Lights
1%
Chamberlain
1%
Chasing Victory
1%
City of Caterpillar
1%
Dear Ephesus
1%
Dismemberment Plan
1%
Dizmas
1%
Drop Dead, Gorgeous
1%
Edison Glass
1%
Eisley
1%
Ever Stays Red
1%
Falling Up
1%
Farewell, My Love
1%
Fireflight
1%
Fire Party
1%
Forever Changed
1%
Fragile Rock
1%
Funeral Diner
1%
Garden Variety
1%
Gwen Stacy
1%
Hawk Nelson
1%
He is Legend
1%
Hey Mercedes
1%
Hidden In Plain View
1%
Hoover
1%
Hot Rod Circuit
1%
House of Heroes
1%
Hundred Reasons
1%
Ida
1%
Ivoryline
1%
Kutless
1%
Letter Kills
1%
Merchant Ships
1%
Northstar
1%
Nude
1%
Old Gray
1%
Pianos Become the Teeth
1%
Piebald
1%
Pop Unknown
1%
Portraits of Past
1%
Reggie and the Full Effect
1%
Sherwood
1%
Showbread
1%
Spanish Love Songs
1%
Split Lip
1%
Static Dress
1%
Straylight Run
1%
The Classic Crime
1%
The Fold
1%
The Getaway Plan
1%
The Juliana Theory
1%
The Movielife
1%
The Receiving End of Sirens
1%
The Rocket Summer
1%
Typecast
1%
We Are the Ocean
1%
You, Me, and Everyone We Know
1%
Afterhour
0%
…And You Will Know Us by the Trail of Dead
0%
Antioch Arrow
0%
Birds in Row
0%
BoySetsFire
0%
Brandtson
0%
Cinematic Sunrise
0%
Cloud Nothings
0%
Fireworks
0%
FVK
0%
Heaven in Her Arms
0%
Hot Water Music
0%
I Am Empire
0%
Karate
0%
Karate High School
0%
Kids in the Way
0%
Kiros
0%
Krystal Meyers
0%
Life in Your Way
0%
Lifetime
0%
lowercase
0%
Lungfish
0%
Meg & Dia
0%
Native Nod
0%
New Amsterdam
0%
Noise Ratchet
0%
Number One Gun
0%
Off Minor
0%
Once Nothing
0%
Philmont
0%
Planes Mistaken for Stars
0%
Riverbeds
0%
Roses Are Red
0%
Rye Coalition
0%
Sainthood Reps
0%
Samiam
0%
Secret and Whisper
0%
Shotmaker
0%
Small Brown Bike
0%
Spitalfield
0%
Squirrel Bait
0%
Stavesacre
0%
Stereo Skyline
0%
Suis La Lune
0%
Ten Seconds Epic
0%
The Bled
0%
The Jealous Sound
0%
The Van Pelt
0%
The Wedding
0%
This Beautiful Republic
0%
This Providence
0%
Vendetta Red
0%
Watashi Wa
0%
We Are Defiance
0%

Score Distribution

Percentile by Number Answered

Percent of People with Each Score

Your Score History

You have not taken this quiz